[Event "Sparkassen Open 2018"]
[Site "Heusenstamm"]
[Date "2018.11.23"]
[Round "2"]
[White "Stuemer, Paul"]
[Black "Gschnitzer, Adrian"]
[Result "0-1"]
[WhiteElo "2074"]
[BlackElo "2365"]
[Annotator "TA"]
[PlyCount "60"]
[EventDate "2018.11.22"]
[EventType "swiss"]
[EventCountry "GER"]

{[%evp 24,60,43,16,28,24,37,0,0,-68,-43,-47,-45,-110,-120,-142,-151,-164,-155,-155,-127,-217,-215,-282,-278,-286,-290,-308,-266,-371,-364,-375,-236,-327,-331,-380,-345,-500,-496]} 1. Nf3 Nf6 2. c4 c5 3. e3 e6 4. Nc3 Nc6 5. a3 d5 6. d4 a6 7. cxd5 exd5 8. Be2 Be7 9. O-O O-O 10. dxc5 Bxc5 11. b4 Ba7 12. Bb2 Re8 {D32: Tarrasch Defence: Sidelines and lines without g3} (12... d4 13. exd4 Nxd4 14. Nxd4 Bxd4 15. Bf3 Rb8 16. Qd2 Bg4 17. Rad1 Bxf3 18. gxf3 Bxc3 19. Qxc3 Qc8 20. Rfe1 Qxc3 21. Bxc3 Rbd8 22. Bxf6 gxf6 {½-½ (31) Jobava,B (2712)-Berelowitsch,A (2563) Rogaska Slatina 2011}) 13. Rc1 {[%cal Ba1c1,Bc1c2,Bc2d2][%mdl 32] LiveBook: 6 Games} Qd6 14. Rc2 $146 ({Predecessor:} 14. Qd3 Bg4 15. Rfd1 Rad8 16. b5 Na5 17. bxa6 Nc4 18. Nb5 Nxb2 19. Nxd6 Nxd3 20. Nxe8 Nxc1 21. Nxf6+ gxf6 22. Rxc1 bxa6 {½-½ (46) Ahlander,B (2387)-Nikcevic,N (2425) Sweden 2015}) 14... Bg4 {White has an edge.} 15. Rd2 {[%cal Rc3d5]} Rad8 ({But not} 15... Bxf3 $6 16. Bxf3 d4 17. Ne2 $16) 16. Nd4 ({Better is} 16. b5 $11 Bb8 17. g3 axb5 18. Nxb5) 16... Bb8 {[%csl Gb8][%cal Rd6h2] [#]} (16... Ne5 {is more complex.} 17. Bxg4 Nexg4 18. g3 Ne5 19. Nce2 Ne4) 17. g3 Bh3 18. Bf3 ({White should try} 18. Nxc6 $15 Qxc6 19. b5) 18... Bxf1 19. Qxf1 Ne5 20. Be2 Ba7 21. Rd1 Qc7 22. a4 (22. b5 $17) 22... Bxd4 $19 23. Rxd4 Nc6 24. Rf4 d4 25. exd4 Nxb4 26. d5 Nbxd5 27. Nxd5 Rxd5 28. Bc4 Rd6 29. h4 Qc6 30. h5 (30. Bxf6 {is a better defense.} Rxf6 31. Rd4) 30... Re4 {Accuracy: White = 16%, Black = 53%.} 0-1

[Event "Sparkassen Open 2018"]
[Site "Heusenstamm"]
[Date "2018.11.23"]
[Round "3"]
[White "Nikolov, Momchil"]
[Black "De Visser, Leon"]
[Result "1-0"]
[WhiteElo "2560"]
[BlackElo "2230"]
[Annotator "TA"]
[PlyCount "135"]
[EventDate "2018.11.22"]
[EventType "swiss"]
[EventCountry "GER"]

{[%evp 15,135,14,17,14,18,11,20,16,16,15,15,15,18,16,18,21,22,20,27,23,20,20,52,11,49,35,72,65,109,108,104,103,103,100,101,100,98,98,104,110,101,95,98,110,104,93,133,157,136,158,242,189,210,114,259,252,277,117,276,276,276,276,277,277,325,325,414,327,335,0,0,0,0,0,0,0,0,0,0,0,0,0,0,0,0,8,8,8,8,8,32,44,44,45,29962,29962,29965,29967,29966,29962,29971,29972,29972,29973,29979,29980,29980,29981,29981,29982,29982,29983,29983,29984,29984,29985,29994,29995,29995,29996,29998,29999]} 1. d4 d5 2. c4 c6 3. Nf3 Nf6 4. Nc3 dxc4 5. a4 Bf5 6. Ne5 Nbd7 7. Nxc4 Nb6 8. Ne5 a5 9. e3 {D17: Slav Defence: 5 a4 Bf5: Lines with 6 Nh4 and 6 Ne5} (9. h4 e6 10. f3 h6 11. e4 Bh7 12. Be3 Nfd7 13. Nd3 Bd6 14. Ne2 O-O 15. Qb3 Kh8 16. Nef4 Nc8 {½-½ (41) Nakamura,H (2763)-Bu,X (2712) Batumi 2018}) 9... g6 10. Bd3 Bxd3 11. Nxd3 {The position is equal.} Bg7 12. O-O O-O 13. Qb3 Nfd7 14. Rd1 Qc7 15. Bd2 e5 16. Rac1 exd4 17. exd4 Qd8 $146 ({Not} 17... Bxd4 $2 18. Nb5 $1 $18 {[%mdl 512]}) 18. Be3 Nf6 19. d5 Nbxd5 (19... Nfxd5 {keeps more tension.} 20. Nxd5 Nxd5 21. Nf4 Qf6 22. Nxd5 cxd5 23. Qxb7 Rfd8) 20. Nf4 $36 {[%cal Rc3d5][%mdl 2048] White fights for an advantage.} Qb8 21. Nfxd5 Nxd5 22. Nxd5 cxd5 23. Rxd5 Rd8 24. Rb5 Rd7 25. g3 Qd8 26. Rxb7 Rxb7 27. Qxb7 Rb8 28. Qc7 Bxb2 {[#]} 29. Qxd8+ $1 Rxd8 $16 {[%mdl 4096] Endgame KRB-KRB} 30. Rc5 Bd4 31. Bxd4 Rxd4 32. Rxa5 {KR-KR} h5 (32... Kg7 $16 33. Ra8 Kf6) 33. h4 Kg7 34. Ra7 ({Better is} 34. Ra6 $18) 34... Kh6 (34... Kf6 $16 {is a better defense.} 35. a5 Ra4) 35. Kg2 (35. Rxf7 Rxa4 36. Rf6 Kg7 $16) 35... f6 36. f4 (36. Ra8 $18 {is more deadly.}) 36... Rd3 $2 (36... Rb4 $16 37. a5 Rb2+ 38. Kf1 Rb3) 37. a5 $18 Ra3 38. a6 Ra2+ 39. Kf3 Ra3+ 40. Ke4 Ra5 41. Kd4 g5 42. Kc4 $2 ({White should try} 42. Ke4 $18) 42... gxh4 $11 43. gxh4 {aiming for Kb4.} Kg6 44. Kb4 (44. Ra8 {looks sharper.} Kf5 45. a7 Ra2 46. Kd3 Ra4 47. Ke2) 44... Ra1 45. Kb5 Rb1+ $1 46. Kc6 Ra1 47. Ra8 Kf5 48. Kb6 {Rb8 is the strong threat.} Rb1+ 49. Kc7 {Threatens to win with Rb8.} Ra1 50. Kb7 {Strongly threatening Rh8.} Rb1+ 51. Ka7 Kxf4 52. Rb8 Ra1 53. Rb5 Kg4 $1 54. Kb6 {Black must now prevent Ra5.} Re1 $2 {[%mdl 8192]} (54... Kxh4 $14 55. Ra5 Re1) 55. a7 {White mates.} Re8 56. Rb4+ Kg3 57. Ka6 Ra8 58. Rb8 ({Less strong is} 58. Kb7 Rf8 $16) 58... Rxa7+ 59. Kxa7 Kxh4 {KR-KPP} 60. Rg8 f5 61. Kb6 f4 62. Kc5 f3 63. Kd4 f2 64. Rf8 Kg3 65. Ke3 h4 66. Rg8+ Kh2 67. Kxf2 h3 68. Rg3 {Accuracy: White = 77%, Black = 49%.} 1-0

[Event "Sparkassen Open 2018"]
[Site "Heusenstamm"]
[Date "2018.11.23"]
[Round "3"]
[White "Sadzikowski, Daniel"]
[Black "Koellner, Ruben Gideon"]
[Result "1/2-1/2"]
[WhiteElo "2544"]
[BlackElo "2238"]
[Annotator "TA"]
[PlyCount "114"]
[EventDate "2018.11.22"]
[EventType "swiss"]
[EventCountry "GER"]

{[%evp 20,114,34,20,39,3,39,30,29,2,23,-3,7,6,4,3,12,9,40,24,25,31,46,46,46,45,52,48,46,52,53,53,53,46,54,46,46,46,46,46,46,46,46,46,46,46,46,46,46,46,46,0,46,46,46,46,46,46,53,46,49,46,46,45,46,46,47,46,46,39,46,46,46,39,46,39,46,46,46,46,42,0,0,0,31,31,31,31,31,31,31,31,31,31,31,31,31]} 1. e4 e5 2. Nf3 Nc6 3. Bb5 Bc5 4. O-O Nd4 5. Nxd4 Bxd4 6. c3 Bb6 7. d4 c6 8. Ba4 d6 9. Na3 {[%cal Bb1a3,Ba3c4,Bc4e3][%mdl 32]} Bc7 10. Bc2 {C64: Ruy Lopez: Classical Defence (3...Bc5) except 4 0-0 Nf6} Nf6 11. Nc4 {LiveBook: 10 Games} Bg4 (11... Be6 12. Ne3 O-O 13. f4 exf4 14. Rxf4 d5 15. e5 Ne4 16. Qh5 g6 17. Qh6 f6 18. Nc4 fxe5 {½-½ (43) Fedorchuk,S (2621)-Godena,M (2506) Minsk 2017}) 12. Qd3 $146 ({Predecessor:} 12. f3 Be6 13. b3 h6 14. f4 exd4 15. cxd4 d5 16. f5 Bc8 17. exd5 Qxd5 18. Ba3 {1-0 (36) Saunina,L (2260)-Struchkova,S (2315) Elista 1997}) 12... Be6 13. Ne3 O-O 14. Qe2 Qe7 15. Qf3 Rfe8 16. dxe5 dxe5 17. Nf5 Bxf5 18. Qxf5 Qe6 19. Bg5 Qxf5 20. exf5 h6 21. Bxf6 gxf6 22. Rfe1 Red8 {Black wants to play ...Rd2.} 23. Re2 Rd7 24. Rd1 Rad8 25. Rxd7 Rxd7 $14 {[%mdl 4096] Endgame KRB-KRB} 26. Kf1 Bb6 27. Ke1 Kg7 28. Re4 Kh7 29. Ke2 Kg7 30. Bb1 Bc7 31. Rg4+ Kh7 32. Be4 Bb6 33. Bf3 Kh8 34. Ke1 Kh7 35. Ke2 Kh8 36. a3 Kh7 37. Be4 Kh8 38. Bb1 Kh7 39. Ba2 Kh8 40. Bc4 Kh7 41. a4 a5 42. Ke1 Kh8 43. Be2 Kh7 44. Bf3 Kh8 45. Ke2 Kh7 46. Be4 Kh8 47. Rg3 Kh7 48. h4 Kh8 49. h5 Kh7 50. f4 (50. Bd3 {is more complex.} Bc5 51. Bc4 Bb6 52. Rg4 Ba7 53. Bb3) 50... exf4 51. Rd3 Rxd3 (51... Re7 {seems wilder.} 52. Kf3 Bc7 53. b4 Kg7 54. bxa5 Bxa5 55. Kxf4 Kf8) 52. Kxd3 $11 {KB-KB. White is slightly better.} Kg7 53. b4 Kf8 54. b5 Ke7 55. bxc6 bxc6 56. Bxc6 Kd6 57. Be8 Kc5 {Precision: White = 75%, Black = 44%.} 1/2-1/2

[Event "Sparkassen Open 2018"]
[Site "Heusenstamm"]
[Date "2018.11.23"]
[Round "3"]
[White "Enchev, Ivajlo"]
[Black "Lisanti, Andre"]
[Result "1-0"]
[WhiteElo "2496"]
[BlackElo "2209"]
[Annotator "TA"]
[PlyCount "147"]
[EventDate "2018.11.22"]
[EventType "swiss"]
[EventCountry "GER"]

{[%evp 9,147,40,75,76,83,80,115,110,170,116,153,163,190,195,191,193,214,219,224,208,211,208,221,212,264,235,237,209,193,147,148,137,148,129,138,0,0,-24,-30,-14,58,50,89,79,63,74,74,77,84,75,81,82,89,81,143,132,141,145,144,137,143,154,147,95,95,95,101,90,185,166,227,185,192,192,168,155,168,99,131,0,6,9,8,8,6,15,41,41,56,56,253,56,57,56,58,56,56,49,56,-128,153,152,151,155,153,156,152,152,145,0,0,0,0,8,8,-28,0,-106,436,431,988,479,619,619,618,614,605,592,616,541,837,863,6179,6830,6199,6079,29977,5812,5708,5708]} 1. Nf3 c5 2. c4 b6 3. Nc3 Bb7 4. d4 Bxf3 (4... cxd4 5. Nxd4 Nf6 6. f3 d6 7. e4 e6 8. Be2 Be7 9. O-O O-O 10. Be3 a6 11. Qd2 Qc7 12. Rfc1 Nbd7 13. b4 Rac8 14. Nb3 Qb8 15. Bf1 Rfe8 16. Qf2 Bd8 17. Na4 Ba8 18. c5 b5 19. Nc3 Bc7 20. g3 dxc5 21. Nxc5 Nxc5 22. bxc5 {1-0 (45) Nepomniachtchi,I (2729)-Ponkratov,P (2613) Riadh 2017}) 5. exf3 Nc6 $146 ({Predecessor:} 5... cxd4 6. Qxd4 Nc6 7. Qd2 g6 8. Be2 Bg7 9. O-O Nh6 10. b3 Nf5 11. Bb2 {½-½ (28) Batsiashvili,N (2496)-Khotenashvili,B (2445) Riga 2017}) 6. d5 {A34: Symmetrical English: 2 Nc3, lines with ...d5} Nd4 7. Be3 Nf5 8. Bf4 {White is better.} g6 (8... Nd4 $16) 9. Nb5 (9. g4 $18) 9... d6 10. Qa4 $1 {[%csl Gf4][%cal Rb5d6]} Bg7 11. Nc7+ Kf8 12. Nxa8 Bxb2 13. Rb1 $1 {[%cal Rb1b2]} ({Don't do} 13. Qxa7 $6 Bxa1 14. Bd2 (14. Nxb6 Bc3+ 15. Kd1 Nd4 $14) 14... Nh4 $16) 13... Bc3+ 14. Bd2 Bxd2+ 15. Kxd2 Qxa8 {[#]} 16. Rxb6 $1 {[%mdl 512]} Nf6 (16... axb6 17. Qxa8+) 17. Bd3 Kg7 18. Rb2 Nh4 19. Re1 e6 20. Bf1 exd5 21. Re7 Rb8 22. Rb3 (22. Rxb8 $16 Qxb8 23. Qb5) 22... a6 $11 23. cxd5 Nf5 $1 $36 {[%cal Rf5e7][%mdl 2048] Black has some pressure.} 24. Re1 Qxd5+ (24... Nd4 $11 25. Rxb8 Qxb8) 25. Bd3 $1 $14 Ra8 {Strongly threatening ...Nd4.} 26. Qc4 Qxc4 27. Bxc4 d5 28. Be2 c4 29. Rb7 Nd6 30. Rb6 Nb5 31. a4 Nd7 (31... Nd4 $142) 32. Rc6 $1 $16 Nd4 33. Rd6 $1 {[%csl LRd5,LRd7][%mdl 64] Double Attack} Nb3+ 34. Kc3 Nf6 35. Bd1 Nc5 36. Re7 (36. g4 $142) 36... Kf8 37. Re5 Ne6 38. a5 Ke7 (38... Rc8 $16) 39. Rc6 $1 $18 Rb8 (39... Kf8 $142 40. Ba4 Ng8 41. Rxd5 Ne7) 40. Ba4 Rb1 {intending ...Ra1.} 41. Rxa6 Ra1 42. Bc2 {Threatens to win with Kb2.} Ra2 {And now ...d4+ would win.} 43. Re2 ({Better is} 43. Bd1 $18) 43... Nd7 $16 44. Rd2 (44. Bd1 $16 Ra1 45. Re1) 44... Nc7 {( -> ...Nb5+)} 45. Rc6 $1 {[%cal Rc6c7]} Nb5+ 46. Kb4 Rb2+ 47. Ka4 Ne5 48. Rb6 Nc3+ 49. Ka3 Ra2+ 50. Kb4 d4 $1 51. Rxd4 Rxc2 52. f4 Na2+ 53. Kb5 {[%mdl 1024] White has compensation.} Nd7 $1 {[%cal Rd7b6]} 54. Rc6 $2 (54. Rb7 $14 {stays ahead.} Rb2+ 55. Kc6 Rxb7 56. Kxb7) 54... Nc3+ $2 {[%mdl 8192]} (54... Rb2+ $17 {stays on course.} 55. Kxc4 Rc2+ 56. Kb5 Nc3+ 57. Kb4 Nd5+ {[%mdl 64] Discovered Attack} 58. Kb5 Nc3+ 59. Kb4 Nd5+ {[%mdl 64] Discovered Attack} 60. Rxd5 Rxc6) 55. Kb4 Na2+ 56. Ka3 Nc1 57. Rcxc4 Ra2+ 58. Kb4 Rb2+ {[#]} 59. Ka4 (59. Kc3 $1 $16 Rb5 60. Re4+ Kd6 61. a6) 59... Ra2+ $11 60. Kb5 Nb3 61. Re4+ Kd6 62. Ra4 Rb2 {...Ndc5 is the strong threat.} 63. Rab4 {[#]} (63. a6 $11 {keeps the balance.} Kd5 64. Rab4) 63... f5 $2 {[%mdl 8192]} (63... Nf6 $1 $17 {[%cal Rf6e4] keeps the pressure on.} 64. Rec4 Nd5 65. Rc6+ Kd7) 64. Rec4 $18 Nf8 (64... Nb8 $142 65. a6 Nxa6) 65. Ka4 (65. a6 $142) 65... Nxa5 66. Rd4+ ({Not} 66. Rxb2 Nxc4 67. Rc2 Kd5 $11) ({Less strong is} 66. Kxa5 Ra2+ 67. Kb5 Rxf2 $16) 66... Kc5 {[%cal Rb2a2]} 67. Rxb2 Kxd4 68. Kxa5 {[%mdl 4096] Endgame KR-KN} Ne6 69. g3 Kd3 70. Rb7 Nc5 71. Rxh7 Ne4 72. Rg7 Nxf2 73. Rxg6 (73. h4 $142 Ng4 74. Rxg6 Ke4 75. h5 Kf3 76. Rxg4 {[%mdl 64] Remove Defender, Promotion} fxg4 77. h6 Kxg3 78. f5) 73... Nh3 74. Re6 {Accuracy: White = 72%, Black = 50%.} 1-0

[Event "Sparkassen Open 2018"]
[Site "Heusenstamm"]
[Date "2018.11.23"]
[Round "3"]
[White "Barski, Radoslaw"]
[Black "Hebbering, Tom Elliot"]
[Result "1-0"]
[WhiteElo "2459"]
[BlackElo "2199"]
[Annotator "broadcasts RC"]
[PlyCount "79"]
[EventDate "2018.11.22"]
[EventType "swiss"]
[EventCountry "GER"]
[TimeControl "40/5400+30:1800+30"]

1. e4 {[%emt 0:00:00]} e5 {[%emt 0:00:00]} 2. Nf3 {[%emt 0:00:00]} Nc6 {[%emt 0:00:06]} 3. Bb5 {[%emt 0:00:41]} a6 {[%emt 0:00:09]} 4. Ba4 {[%emt 0:00:07]} Nf6 {[%emt 0:00:04]} 5. O-O {[%emt 0:00:07]} Be7 {[%emt 0:00:05]} 6. Re1 {[%emt 0:00:06]} b5 {[%emt 0:00:08]} 7. Bb3 {[%emt 0:00:05]} d6 {[%emt 0:00:05]} 8. c3 {[%emt 0:00:04]} O-O {[%emt 0:00:06]} 9. h3 {[%emt 0:00:04]} Bb7 {[%emt 0:01:55]} 10. d4 {[%emt 0:00:10]} Re8 {[%emt 0:00:14]} 11. Nbd2 {[%emt 0:00:20]} Bf8 {[%emt 0:00:20]} 12. a3 {[%emt 0:00:22]} h6 {[%emt 0:00:06]} 13. Bc2 {[%emt 0:00:18]} Nb8 {[%emt 0:02:35]} 14. b4 {[%emt 0:02:35]} Nbd7 {[%emt 0:01:41]} 15. Bd3 {[%emt 0:02:16]} c6 {[%emt 0:14:07]} 16. Bb2 {[%emt 0:18:28]} a5 {[%emt 0:16:42]} 17. dxe5 {[%emt 0:14:46]} Nxe5 {[%emt 0:04:11]} 18. Nxe5 {[%emt 0:01:28]} dxe5 {[%emt 0:00:25]} 19. Nb3 {[%emt 0:01:50]} axb4 {[%emt 0:04:55]} 20. cxb4 {[%emt 0:00:41]} Rc8 {[%emt 0:01:52]} 21. Qe2 {[%emt 0:05:04]} Bd6 {[%emt 0:02:46]} 22. Bc1 {[%emt 0:05:56]} Qe7 {[%emt 0:06:00]} 23. Be3 {[%emt 0:00:29]} Nd7 {[%emt 0:00:34]} 24. Red1 {[%emt 0:06:13]} Red8 {[%emt 0:02:28]} 25. Rac1 {[%emt 0:01:46]} Ba8 {[%emt 0:13:21]} 26. Rc3 {[%emt 0:04:55]} Nf8 {[%emt 0:19:35]} 27. Rdc1 {[%emt 0:02:43]} Rb8 {[%emt 0:00:53]} 28. Na5 {[%emt 0:02:36]} Ne6 {[%emt 0:00:11]} 29. g3 {[%emt 0:05:04]} Nd4 {[%emt 0:02:46]} 30. Bxd4 {[%emt 0:01:07]} exd4 {[%emt 0:00:09]} 31. Nxc6 {[%emt 0:01:58]} Bxc6 {[%emt 0:00:08]} 32. Rxc6 {[%emt 0:00:05]} Qa7 {[%emt 0:00:53]} 33. e5 {[%emt 0:00:32]} Be7 {[%emt 0:00:30]} 34. Qe4 {[%emt 0:03:51]} g6 {[%emt 0:00:32]} 35. Rxg6+ {[%emt 0:01:11]} fxg6 {[%emt 0:00:09]} 36. Qxg6+ {[%emt 0:00:03]} Kf8 {[%emt 0:00:12]} 37. Qxh6+ {[%emt 0:00:02]} Ke8 {[%emt 0:01:41]} 38. Bg6+ {[%emt 0:00:01]} Kd7 {[%emt 0:00:24]} 39. Bf5+ {[%emt 0:00:05]} Ke8 {[%emt 0:00:14]} 40. Qh5+ {[%emt 0:00:02]} 1-0

[Event "Sparkassen Open 2018"]
[Site "Heusenstamm"]
[Date "2018.11.23"]
[Round "3"]
[White "Zuyev, Igor"]
[Black "Haag, Martin"]
[Result "1-0"]
[WhiteElo "2435"]
[BlackElo "2186"]
[Annotator "TA"]
[PlyCount "75"]
[EventDate "2018.11.22"]
[EventType "swiss"]
[EventCountry "GER"]

{[%evp 12,75,46,29,34,32,42,45,35,31,42,17,15,21,21,25,36,0,8,0,0,0,0,-35,-29,-26,-36,-25,0,0,0,0,0,0,0,0,0,0,0,0,0,0,0,0,0,0,2,2,29,12,55,25,18,0,8,8,2,0,3,0,0,-518,0,0,549,548]} 1. e4 d6 2. d4 Nf6 3. Nc3 e5 4. dxe5 dxe5 5. Qxd8+ Kxd8 6. Nf3 Bd6 7. h3 {LiveBook: 5 Games. B07: Pirc Defence: Miscellaneous Systems} (7. Bc4 Ke7 8. Bg5 c6 9. O-O-O Be6 10. Bxe6 fxe6 11. Nd2 Nbd7 12. f3 b5 13. a4 a6 14. Nb3 Bb4 15. Rd3 c5 16. Rhd1 Rhd8 {1-0 (50) Urkedal,F (2572)-Plat,V (2569) chess.com INT 2018}) 7... h6 8. Bc4 Be6 9. Bxe6 {White is slightly better.} fxe6 10. Be3 Nc6 $146 ({Predecessor:} 10... Ke7 11. O-O-O Nc6 12. Nd2 a6 13. f3 b5 14. Ne2 Na5 {½-½ (53) Schouten,M (1784)-Koellner,C (2105) Helsingor 2018}) 11. O-O Ke7 12. a3 a6 13. Rfd1 Rhf8 14. b4 Rfd8 15. Rd3 b5 16. Rc1 Rdb8 17. Rb1 a5 18. bxa5 Rxa5 19. Nd2 Rxa3 {[#] And now ...Nb4 would win.} 20. Nxb5 Ra2 21. c4 Nd4 22. Bxd4 exd4 23. e5 Bxe5 {Hoping for ...c5.} 24. Nf3 {[%mdl 64] [#] Double Attack} Nd7 {White must now prevent ...c6.} 25. Re1 Bf6 $1 {Threatens to win with ...c5.} 26. Nfxd4 Nc5 27. Nc6+ Kf7 28. Rdd1 Rba8 29. Nxc7 R8a4 30. Nb5 Rc2 31. Nd6+ Kg8 32. Rb1 Nd3 {Strongly threatening ...Ra6.} 33. Rxe6 Nxf2 34. Nb4 Rd2 $1 35. Nd5 Bd4 {...Raa2 is the strong threat.} 36. Rb8+ Kh7 {( -> ...Ng4+)} 37. Kh2 Nd3 $2 {[%mdl 8192]} (37... Raa2 $11 {and Black is okay.} 38. Nf7 Ng4+ {[%mdl 64] Discovered Attack} 39. hxg4 Rxg2+ {[%mdl 64] Double Attack} 40. Kh3 Rh2+ 41. Kg3 Rhg2+ 42. Kh4 Rh2+ 43. Kg3 Rhg2+ 44. Kh4 Rh2+ 45. Kg3) 38. Nf7 {Accuracy: White = 64%, Black = 58%.} 1-0

[Event "Sparkassen Open 2018"]
[Site "Heusenstamm"]
[Date "2018.11.23"]
[Round "3"]
[White "Andreev, Eduard"]
[Black "Villwock, Martin"]
[Result "1-0"]
[WhiteElo "2425"]
[BlackElo "2182"]
[Annotator "TA"]
[PlyCount "47"]
[EventDate "2018.11.22"]
[EventType "swiss"]
[EventCountry "GER"]

{[%evp 18,47,74,0,95,93,170,163,253,267,248,222,308,342,402,354,400,389,411,295,331,341,393,397,525,358,350,339,466,472,465,470]} 1. e4 c5 2. Nf3 Nc6 3. Bb5 d6 4. Bxc6+ bxc6 5. O-O e5 6. c3 {[%cal Bc2c3,Bc3c4][%mdl 32]} f5 7. d4 {B51: Sicilian: Moscow Variation (3 Bb5+) without 3...Bd7} fxe4 8. Ng5 d5 9. dxe5 Be7 10. Qa4 {LiveBook: 6 Games} (10. c4 $16) 10... Qc7 $146 {[#]} (10... Rb8 $1 $11) ({Predecessor:} 10... Qb6 11. c4 Qa6 12. Qb3 Bxg5 13. Bxg5 h6 14. Bh4 g5 15. cxd5 gxh4 {1-0 (41) Onischuk,V (2591)-Stukopin,A (2509) Khanty-Mansiysk 2013}) 11. c4 $1 $16 {[%cal Rc4d5]} Bxg5 (11... h6 $16 12. cxd5 hxg5) 12. Bxg5 $18 d4 (12... h6 {was worth a try.}) 13. Nd2 {[%cal Bb1d2,Bd2b3,Bb3c5,Bc5a6][%mdl 32]} Bf5 14. Rfe1 e3 15. fxe3 d3 16. Rf1 Bg6 17. Nb3 Ne7 18. Qa3 Qxe5 {[#]} 19. Bf4 $1 {[%cal Rf4e5]} ({Not} 19. Qxc5 Qxc5 20. Nxc5 h6 $16) 19... Qe6 20. Nxc5 Qxc4 21. Rac1 {[%cal Ba1c1,Bc1c5,Bc5e5][%mdl 32]} Qd5 22. Na6 {And now Nc7+ would win.} Rc8 23. Rc5 Qd7 24. Re5 {Accuracy: White = 66%, Black = 31%.} 1-0

[Event "Sparkassen Open 2018"]
[Site "Heusenstamm"]
[Date "2018.11.23"]
[Round "3"]
[White "Hirneise, Jens"]
[Black "Schnabel, Bennett"]
[Result "1-0"]
[WhiteElo "2370"]
[BlackElo "2146"]
[Annotator "TA"]
[PlyCount "83"]
[EventDate "2018.11.22"]
[EventType "swiss"]
[EventCountry "GER"]

{[%evp 14,83,49,60,70,67,68,58,79,86,79,76,123,118,138,31,35,32,34,35,62,39,46,45,45,40,62,64,70,67,66,64,130,127,127,124,123,117,126,129,127,127,133,157,182,179,185,48,181,170,202,193,298,303,310,253,554,608,683,678,672,662,643,594,1205,1212,5210,5210,5093,5102,4778,4714]} 1. e4 c5 2. Nf3 d6 3. d4 cxd4 4. Nxd4 Nf6 5. Nc3 g6 6. Be3 Bg7 7. f3 a6 8. Qd2 h5 {B75: Sicilian Dragon: Yugoslav Attack, Miscellaneous} (8... Nbd7 9. a4 Ne5 10. Be2 Bd7 11. a5 Rc8 12. g4 Nc4 13. Bxc4 Rxc4 14. g5 Nh5 15. Nd5 O-O 16. Nb6 Rc7 {0-1 (67) Bacrot,E (2725)-Adhiban,B (2655) Riadh 2017}) 9. Be2 Nbd7 10. O-O Ne5 {White is slightly better.} 11. Rad1 Bd7 $146 ({Predecessor:} 11... Qc7 12. Nb3 Be6 13. Rfe1 b5 14. Bd4 Nc4 15. Bxc4 bxc4 16. Bxf6 Bxf6 {½-½ (42) Baric,M (1573)-Sculac,Z (1574) Split 2015}) 12. Nd5 Nxd5 13. exd5 Qc7 14. Rfe1 (14. b3 $1 $16) 14... Nc4 $14 15. Bxc4 Qxc4 16. Bg5 f6 17. Qe3 {[%csl Ge1][%cal Re3e7]} O-O 18. Bh6 {Threatens to win with Bxg7.} Rf7 19. Bxg7 Kxg7 20. Qb3 $36 {[%mdl 2048] White has good play.} Qxb3 21. cxb3 Rc8 22. Rc1 Rc5 ({Better is} 22... g5 $14) 23. Rxc5 $16 dxc5 24. Ne6+ Bxe6 25. Rxe6 {[%mdl 4096] Endgame KR-KR} g5 26. Kf2 Kg6 27. Rb6 e5 28. dxe6 Re7 {[#]} 29. Ke3 $1 Kf5 {[#]} 30. Kd3 (30. b4 $1 $18) 30... Ke5 ({Black should try} 30... Rxe6 $14 31. Rxb7 Re1) 31. Kc4 $18 Rc7 32. g3 h4 (32... Re7 $142 33. Kxc5 Rc7+ 34. Kb4 h4) 33. gxh4 gxh4 {[#]} 34. f4+ $1 {[%mdl 512]} Kxf4 $2 (34... Ke4 35. h3 a5) 35. Kd5 {White is clearly winning.} Rg7 36. Kd6 f5 37. e7 Rg8 38. Kd7 h3 39. Rh6 Kg4 40. e8=Q Rxe8 41. Kxe8 f4 42. Ke7 {Accuracy: White = 72%, Black = 31%.} 1-0

[Event "Sparkassen Open 2018"]
[Site "Heusenstamm"]
[Date "2018.11.23"]
[Round "3"]
[White "Gschnitzer, Adrian"]
[Black "Chandler, Patrick"]
[Result "1-0"]
[WhiteElo "2365"]
[BlackElo "2138"]
[Annotator "TA"]
[PlyCount "57"]
[EventDate "2018.11.22"]
[EventType "swiss"]
[EventCountry "GER"]

{[%evp 9,57,62,59,77,48,45,131,105,137,151,184,126,115,116,323,316,544,513,637,629,583,565,670,606,549,238,525,391,464,462,468,465,463,445,442,422,425,351,355,347,358,349,353,344,358,355,359,352,349,341]} 1. e4 b6 2. d4 Bb7 3. Bd3 Nf6 4. Qe2 d6 (4... e6 5. Nf3 Be7 6. O-O c5 7. c3 Nc6 8. a3 d5 9. e5 Nd7 10. b4 g5 11. Be3 h6 12. Nbd2 Qc7 13. bxc5 bxc5 14. a4 c4 15. Bc2 Qa5 16. Nb1 {1-0 (29) Saric,I (2628)-Bacrot,E (2730) Bastia 2013}) 5. f4 e6 6. Nf3 {B00: Queen's Fianchetto Defence, Nimzowitsch Defence} Be7 7. c4 $146 ({Predecessor:} 7. O-O O-O 8. e5 Nd5 9. a3 Nd7 10. Qe4 Rb8 11. Qxh7# {1-0 (11) Gomez Vasquez,L (1530)-Olier Robayo,M Bogota 2014}) 7... c6 (7... O-O $14) 8. Nc3 $16 {White is clearly better.} d5 9. e5 Nfd7 10. O-O (10. cxd5 $18 cxd5 11. f5) 10... dxc4 11. Bxc4 a5 $2 {[#]} (11... O-O $16) 12. f5 $1 $18 {[%mdl 512]} Nf8 $2 (12... Ba6 {was necessary.} 13. fxe6 fxe6) (12... exf5 13. e6) 13. Ne4 Ba6 14. Bxa6 Nxa6 15. Bg5 {[%cal Bc1g5,Bg5h4,Bh4g3][%mdl 32]} f6 16. Bh4 Nb4 17. fxe6 (17. Rad1 $142) 17... Nd5 $2 (17... Ng6 18. Bg3 O-O 19. exf6 gxf6) 18. Bg3 Ng6 19. Nd6+ Bxd6 20. exd6 {[%cal Be5d6,Bd6d7][%mdl 32]} Ngf4 21. d7+ Ke7 22. Bxf4 {[%mdl 64] [#] Overworked Piece} Nxf4 23. Qe3 Nxe6 24. d5 cxd5 25. Nd4 Qxd7 26. Rae1 Kf7 27. Qxe6+ Qxe6 28. Rxe6 ({Not} 28. Nxe6 Rhe8 $18) 28... Rhb8 29. Rd6 {Accuracy: White = 80%, Black = 39%.} 1-0